000 00721nam a2200241Ia 4500
003 OSt
005 20221007082640.0
006 a|||||r|||| 00| 0
007 ta
008 221006b |||||||| |||| 00| 0 eng d
024 _a18,283
037 _cReports / Technical Reports
040 _aFLL
_cFLL
_beng
041 _2eng
_aeng
082 _aY5927.2.N80t, M0.28-35
110 _aLok Sabha Secretariat (New Delhi India)
245 0 _aWelfare of scheduled castes and scheduled tribes (1982-83)
260 _c1980
300 _a69p
_ccm.
700 _aLok Sabha Secretariat (New Delhi India)
942 _hY5927.2.N80t, M0.28-35
_cREP
_2CC
999 _c1167210
_d1167210